000
00269nam a2200121Ia 4500
008
241015s9999 xx 000 0 und d
041
_a
eng
082
_a
954 EVA
100
_a
Andrew Evans
245
_a
Ukraine
260
_b
Bradt
_a
USA
_c
2010
300
_a
440;. P. 22 cm
999
_c
41667
_d
41667